[Event "Rheinland Pfalz Seniors op"]
[Site "Altenkirchen"]
[Date "2023.09.05"]
[Round "1"]
[White "Riesenbeck, Juergen"]
[Black "Schmidt, Matthias1111"]
[Result "1-0"]
[WhiteElo "2097"]
[BlackElo "1838"]
[PlyCount "97"]
[EventDate "2023.09.05"]
[EventType "swiss"]
[EventRounds "9"]
[EventCountry "GER"]
[SourceTitle "EXT 2024"]
[Source "ChessBase"]
[SourceDate "2023.10.10"]
[SourceVersion "1"]
[SourceVersionDate "2023.10.10"]
[SourceQuality "1"]

1. e4 c5 2. c3 e6 3. d4 cxd4 4. cxd4 d5 5. e5 Bd7 6. Nf3 Qb6 7. Nc3 Na6 8. a3 Nc7 9. Bd3 Ne7 10. 0-0 a6 11. Be3 Nf5 12. Qd2 Nxe3 13. fxe3 h6 14. Rac1 Be7 15. Qf2 0-0 16. Bb1 Rac8 17. h4 Nb5 18. Qc2 g6 19. h5 Be8 20. Qb3 Qd8 21. Ne2 Rxc1 22. Rxc1 Qd7 23. Nf4 g5 24. Qc2 f5 25. exf6 Bxf6 26. Ng6 Bxg6 27. Qxg6+ Qg7 28. a4 Qxg6 29. Bxg6 Nd6 30. Rc7 Ra8 31. b3 Nf5 32. Kf2 g4 33. Bxf5 exf5 34. Ne1 f4 35. exf4 Bxd4+ 36. Kg3 b5 37. axb5 axb5 38. Kxg4 b4 39. Nd3 Bc3 40. Kf5 Re8 41. Rd7 d4 42. Ne5 Rf8+ 43. Kg6 Rxf4 44. Rd8+ Rf8 45. Rxf8+ Kxf8 46. Kxh6 Bd2+ 47. Kg6 Bf4 48. Nd3 Bd2 49. h6 1-0

[Event "Ruhrgebiet Regionalliga 1819"]
[Site "Nordrheinwestfalen"]
[Date "2019.01.27"]
[Round "6.8"]
[White "Georg, Heinz"]
[Black "Riesenbeck, Juergen"]
[Result "1/2-1/2"]
[WhiteElo "2101"]
[BlackElo "2008"]
[PlyCount "60"]
[EventDate "2018.09.02"]
[EventType "team-tourn"]
[EventRounds "11"]
[EventCountry "GER"]
[SourceTitle "EXT 2022"]
[Source "ChessBase"]
[SourceDate "2021.10.06"]
[SourceVersion "1"]
[SourceVersionDate "2021.10.06"]
[SourceQuality "1"]
[WhiteTeam "Kamen SV"]
[BlackTeam "Essen Katernberg II"]
[WhiteTeamCountry "GER"]
[BlackTeamCountry "GER"]

1. e4 e6 2. d4 d5 3. Nc3 Nf6 4. Bg5 Bb4 5. e5 h6 6. exf6 hxg5 7. fxg7 Rg8 8. h4 gxh4 9. Nf3 Nc6 10. Rxh4 Qf6 11. Qd2 Qxg7 12. a3 Be7 13. Rh3 a6 14. Rg3 Qh8 15. Rxg8+ Qxg8 16. Qf4 Bd6 17. Qe3 Ne7 18. g3 Bd7 19. Bd3 Qg7 20. 0-0-0 0-0-0 21. Re1 Rh8 22. Qg5 Qxg5+ 23. Nxg5 Be8 24. Nh7 Nc6 25. Nf6 Nxd4 26. Nxe8 Rxe8 27. Nxd5 Rh8 28. Ne3 Nf3 29. Rd1 Rh2 30. Ng4 Rh8 1/2-1/2

[Event "Ruhrgebiet Regionalliga 1617"]
[Site "Germany"]
[Date "2017.05.07"]
[Round "9.8"]
[White "Riesenbeck, Juergen"]
[Black "Hielscher, Klaus Peter"]
[Result "1-0"]
[WhiteElo "1994"]
[BlackElo "1695"]
[PlyCount "63"]
[EventDate "2016.09.11"]
[EventType "team-tourn"]
[EventRounds "9"]
[EventCountry "GER"]
[SourceTitle "EXT 2022"]
[Source "ChessBase"]
[SourceDate "2021.10.06"]
[SourceVersion "1"]
[SourceVersionDate "2021.10.06"]
[SourceQuality "1"]
[WhiteTeam "Katernberg SF III"]
[BlackTeam "Wattenscheid SV II"]
[WhiteTeamCountry "GER"]
[BlackTeamCountry "GER"]

1. e4 c5 2. c3 Nf6 3. e5 Nd5 4. d4 e6 5. Nf3 Nc6 6. Bc4 Nb6 7. Bb3 cxd4 8. cxd4 d6 9. 0-0 dxe5 10. dxe5 Be7 11. Nc3 0-0 12. Qe2 Nd4 13. Nxd4 Qxd4 14. Rd1 Qb4 15. Bd2 Qh4 16. Be3 Qb4 17. Rd4 Qa5 18. Rg4 Qxe5 19. Bd4 Qxe2 20. Rxg7+ Kh8 21. Nxe2 e5 22. Bxe5 f6 23. Rxe7 fxe5 24. Rxe5 Bd7 25. Re1 Na4 26. Bxa4 Bxa4 27. b3 Be8 28. g3 Rd8 29. Nf4 Bf7 30. Ne6 Bxe6 31. Rxe6 Rd2 32. R1e2 1-0

[Event "MVP-ch Seniors op 16th"]
[Site "Binz"]
[Date "2016.11.29"]
[Round "7.1"]
[White "Ackermann, Hans Werner"]
[Black "Riesenbeck, Juergen"]
[Result "1-0"]
[WhiteElo "2340"]
[BlackElo "2071"]
[PlyCount "43"]
[EventDate "2016.11.23"]
[EventType "swiss"]
[EventRounds "9"]
[EventCountry "GER"]
[SourceTitle "EXT 2018"]
[Source "ChessBase"]
[SourceDate "2017.10.13"]
[SourceVersion "1"]
[SourceVersionDate "2017.10.13"]
[SourceQuality "1"]

1. Nf3 Nf6 2. b3 d5 3. Bb2 g6 4. g3 Bg7 5. Bg2 0-0 6. c4 c5 7. cxd5 Nxd5 8. Bxg7 Kxg7 9. 0-0 Nc6 10. d4 cxd4 11. Nxd4 e5 12. Nxc6 bxc6 13. Qc1 Qb6 14. Nc3 Ba6 15. Na4 Qb5 16. Qb2 f6 17. Rfc1 Rac8 18. Rc5 Qb7 19. Rac1 Rc7 20. Qd2 Rfc8 21. h4 Qb4 22. Rxd5 1-0

[Event "MVP-ch Seniors op 16th"]
[Site "Binz"]
[Date "2016.11.24"]
[Round "2.16"]
[White "Riesenbeck, Juergen"]
[Black "Fleischer, Matthias"]
[Result "1-0"]
[WhiteElo "2071"]
[BlackElo "1923"]
[PlyCount "45"]
[EventDate "2016.11.23"]
[EventType "swiss"]
[EventRounds "9"]
[EventCountry "GER"]
[SourceTitle "EXT 2018"]
[Source "ChessBase"]
[SourceDate "2017.10.13"]
[SourceVersion "1"]
[SourceVersionDate "2017.10.13"]
[SourceQuality "1"]

1. e4 d6 2. d4 Nf6 3. Nc3 g6 4. f4 Bg7 5. Nf3 0-0 6. Bd3 Bg4 7. h3 Bxf3 8. Qxf3 c6 9. Be3 Nbd7 10. 0-0-0 e5 11. dxe5 dxe5 12. f5 Nh5 13. Bc4 Kh8 14. Bc5 Qc7 15. Bd6 Qd8 16. Bxf8 Qg5+ 17. Kb1 Nxf8 18. Bxf7 Ng3 19. h4 Qf4 20. Rh3 Nh5 21. g4 Qxf3 22. Rxf3 Nf4 23. g5 1-0

[Event "Ruhrgebiet Verbandsliga Gruppe 1 1415"]
[Site "Germany"]
[Date "2014.11.16"]
[Round "3"]
[White "Riesenbeck, Juergen"]
[Black "Winzbeck, Frank"]
[Result "0-1"]
[WhiteElo "1922"]
[BlackElo "1882"]
[PlyCount "78"]
[EventDate "2014.09.21"]
[EventType "team-tourn"]
[EventRounds "9"]
[EventCountry "GER"]
[SourceTitle "EXT 2022"]
[Source "ChessBase"]
[SourceDate "2021.10.06"]
[SourceVersion "1"]
[SourceVersionDate "2021.10.06"]
[SourceQuality "1"]
[WhiteTeam "Katernberg SF III"]
[BlackTeam "Gladbeck SG"]
[WhiteTeamCountry "GER"]
[BlackTeamCountry "GER"]

1. e4 c5 2. c3 d5 3. exd5 Qxd5 4. d4 Nf6 5. Nf3 Bg4 6. Nbd2 e6 7. Bc4 Qc6 8. Qb3 a6 9. a4 Nbd7 10. 0-0 Bd6 11. Re1 0-0 12. Ne5 Bxe5 13. dxe5 Nd5 14. Nf1 Rfe8 15. a5 h6 16. Ne3 Nxe3 17. Rxe3 Bf5 18. Qd1 Red8 19. Qe2 Nf8 20. Rg3 Ng6 21. h4 Qe4 22. Bxh6 Qxe2 23. Bxe2 gxh6 24. h5 Rd2 25. hxg6 Rxe2 26. gxf7+ Kxf7 27. Rd1 Re8 28. Rd7+ Re7 29. Rg7+ Kxg7 30. Rxe7+ Kg6 31. Rxb7 Re1+ 32. Kh2 Rxe5 33. Rb6 Bd3 34. b3 Re2 35. c4 Kf5 36. Rxa6 Rxf2 37. Rc6 Rxg2+ 38. Kh3 Re2 39. Rxc5+ Kf4 0-1

[Event "NRW Verbandsklasse Group1 1314"]
[Site "Nordrheinwestfalen"]
[Date "2014.03.10"]
[Round "8.5"]
[White "Riesenbeck, Juergen"]
[Black "Gaessner, Markus"]
[Result "1-0"]
[WhiteElo "1900"]
[BlackElo "1780"]
[PlyCount "137"]
[EventDate "2013.09.08"]
[EventType "team-tourn"]
[EventRounds "9"]
[EventCountry "GER"]
[SourceTitle "EXT 2020"]
[Source "ChessBase"]
[SourceDate "2019.10.17"]
[SourceVersion "1"]
[SourceVersionDate "2019.10.17"]
[SourceQuality "1"]
[WhiteTeam "Katernberg SF III"]
[BlackTeam "Werne SK"]
[WhiteTeamCountry "GER"]
[BlackTeamCountry "GER"]

1. e4 e6 2. d4 d5 3. e5 c5 4. c3 Nc6 5. g3 Qb6 6. Ne2 Bd7 7. Bh3 cxd4 8. cxd4 Rc8 9. 0-0 Nge7 10. Nbc3 Ng6 11. Kh1 Be7 12. f4 f5 13. exf6 Bxf6 14. f5 exf5 15. Nxd5 Qa5 16. Nxf6+ gxf6 17. d5 Nb4 18. Nc3 0-0 19. Qb3 Kg7 20. Bf4 Nd3 21. Bd6 Rf7 22. Bxf5 Bxf5 23. Rxf5 Qa6 24. Ba3 Ne7 25. Rff1 Ne5 26. Ne4 Qe2 27. Rae1 Qh5 28. Nd6 Ng4 29. Re2 Ne5 30. Ref2 Ng4 31. Rd2 Rcf8 32. Nxf7 Rxf7 33. Re1 Nf5 34. d6 Nd4 35. Qd3 Nf5 36. d7 Ne5 37. Rxe5 fxe5 38. d8Q Nd4 39. Bf8+ Rxf8 40. Qc7+ Rf7 41. Qxe5+ Qxe5 42. Qxd4 Qxd4 43. Rxd4 Rc7 44. Rd2 Re7 45. Kg2 Rf7 46. Kh3 Rc7 47. Kg4 Re7 48. Kf5 Kf7 49. g4 Rc7 50. Ke5 Re7+ 51. Kf5 Rc7 52. Ke5 Re7+ 53. Kd6 Ke8 54. Rd5 Rd7+ 55. Ke6 Re7+ 56. Kf6 Rf7+ 57. Kg5 Rg7+ 58. Kh5 Re7 59. h4 Re6 60. a4 Ke7 61. a5 a6 62. Rg5 Kf8 63. Rc5 Re7 64. Kh6 Re4 65. Rc8+ Kf7 66. Rc7+ Kf8 67. Rxb7 Rxg4 68. h5 Rh4 69. Rb6 1-0

[Event "Ruhrgebiet VK2 1213"]
[Site "Nordrheinwestfalen"]
[Date "2013.04.28"]
[Round "9"]
[White "Riesenbeck, Juergen"]
[Black "Oberkalkofen, Christof"]
[Result "1-0"]
[WhiteElo "1907"]
[BlackElo "1799"]
[PlyCount "35"]
[EventDate "2012.09.02"]
[EventType "team-tourn"]
[EventRounds "9"]
[EventCountry "GER"]
[SourceTitle "EXT 2020"]
[Source "ChessBase"]
[SourceDate "2019.10.17"]
[SourceVersion "1"]
[SourceVersionDate "2019.10.17"]
[SourceQuality "1"]
[WhiteTeam "Katernberg SF III"]
[BlackTeam "Bochum Uni"]
[WhiteTeamCountry "GER"]
[BlackTeamCountry "GER"]

1. e4 e5 2. Nc3 Nf6 3. f4 d5 4. fxe5 Nxe4 5. Nf3 Be7 6. d4 f5 7. exf6 Nxf6 8. Bd3 Bg4 9. 0-0 0-0 10. Qe1 Nh5 11. Ne5 Bc8 12. Qe2 Nf6 13. Bg5 Nbd7 14. Rae1 Nxe5 15. dxe5 Bg4 16. Qd2 Ne4 17. Nxe4 dxe4 18. Bc4+ 1-0

[Event "Ruhrgebiet VK2 1213"]
[Site "Nordrheinwestfalen"]
[Date "2012.09.02"]
[Round "1"]
[White "Riesenbeck, Juergen"]
[Black "Schmitz, Juergen"]
[Result "1-0"]
[WhiteElo "1907"]
[BlackElo "1901"]
[PlyCount "127"]
[EventDate "2012.09.02"]
[EventType "team-tourn"]
[EventRounds "9"]
[EventCountry "GER"]
[SourceTitle "EXT 2020"]
[Source "ChessBase"]
[SourceDate "2019.10.17"]
[SourceVersion "1"]
[SourceVersionDate "2019.10.17"]
[SourceQuality "1"]
[WhiteTeam "Katernberg SF III"]
[BlackTeam "Rochade Steele/Kray"]
[WhiteTeamCountry "GER"]
[BlackTeamCountry "GER"]

1. e4 Nf6 2. Nc3 d5 3. exd5 Nxd5 4. Bc4 e6 5. Nf3 Be7 6. 0-0 0-0 7. d4 Nc6 8. Re1 a6 9. Ne4 Nb6 10. Bd3 Nxd4 11. Nxd4 Qxd4 12. Ng5 g6 13. Nxh7 Rd8 14. Ng5 Nc4 15. Qf3 f5 16. Nxe6 Bxe6 17. Rxe6 Ne5 18. Qg3 Bd6 19. Bf4 Nxd3 20. Qxg6+ Qg7 21. Bxd6 Qxg6 22. Rxg6+ Kf7 23. Bxc7 Rd7 24. Rb6 Nxf2 25. Kxf2 Rxc7 26. c3 Rd8 27. Re1 Rd5 28. Re2 Kg7 29. Rbe6 Rb5 30. Kf3 Kf7 31. R6e5 Rxe5 32. Rxe5 Kf6 33. Rd5 Rh7 34. h3 Rg7 35. g3 Ke6 36. Rd2 Rh7 37. Re2+ Kf6 38. Rh2 Rd7 39. g4 Rd1 40. Rf2 fxg4+ 41. hxg4 Kg5 42. a3 Re1 43. Rd2 Rf1+ 44. Ke2 Rb1 45. Kf3 Rf1+ 46. Ke2 Rb1 47. Kd3 Kxg4 48. Kc4 Kf4 49. Kc5 Ke3 50. Rh2 Rg1 51. Kb6 Rg7 52. Rh4 Kd3 53. Rb4 Kc2 54. c4 Kd3 55. c5 Rh7 56. Ka7 Rc7 57. Rxb7 Rxc5 58. Kxa6 Rc8 59. a4 Kc4 60. a5 Ra8+ 61. Kb6 Rg8 62. Rc7+ Kb4 63. a6 Rg6+ 64. Kb7 1-0

[Event "Oberliga NRW 1011"]
[Site "Germany"]
[Date "2011.03.13"]
[Round "8.8"]
[White "Riesenbeck, Juergen"]
[Black "Van Dooren, Dirk"]
[Result "0-1"]
[WhiteElo "2105"]
[BlackElo "2286"]
[PlyCount "62"]
[EventDate "2010.09.26"]
[EventType "team-tourn"]
[EventRounds "9"]
[EventCountry "GER"]
[SourceTitle "EXT 2012"]
[Source "ChessBase"]
[SourceDate "2011.11.24"]
[SourceVersion "1"]
[SourceVersionDate "2011.11.24"]
[SourceQuality "1"]
[WhiteTeam "Katernberg II"]
[BlackTeam "Aachen Aufwaerts"]
[WhiteTeamCountry "GER"]
[BlackTeamCountry "GER"]

1. e4 e5 2. Nf3 Nc6 3. Be2 f5 4. d3 fxe4 5. dxe4 Nf6 6. Nbd2 Bc5 7. c3 a6 8. 0-0 0-0 9. b4 Ba7 10. Nc4 d6 11. Be3 Kh8 12. Bxa7 Rxa7 13. Qd3 Qe8 14. Nfd2 Ne7 15. a4 Bd7 16. a5 Qg6 17. Qg3 Bc6 18. Bd3 Qh5 19. Rfe1 Ng6 20. Ne3 Nf4 21. Nef1 d5 22. Qe3 dxe4 23. Bxe4 Nxe4 24. Nxe4 Raa8 25. Nfg3 Qg6 26. f3 h5 27. h4 Bxe4 28. fxe4 Rad8 29. Rad1 Qg4 30. Rxd8 Rxd8 31. Qf3 Qxh4 0-1

[Event "Ruhrgebiet Verbandsliga1 1011"]
[Site "Nordrheinwestfalen"]
[Date "2010.11.14"]
[Round "3"]
[White "Jochmann, Christian"]
[Black "Riesenbeck, Juergen"]
[Result "0-1"]
[WhiteElo "1878"]
[BlackElo "1918"]
[PlyCount "80"]
[EventDate "2011.09.12"]
[EventType "team-tourn"]
[EventRounds "9"]
[EventCountry "GER"]
[SourceTitle "EXT 2020"]
[Source "ChessBase"]
[SourceDate "2019.10.17"]
[SourceVersion "1"]
[SourceVersionDate "2019.10.17"]
[SourceQuality "1"]
[WhiteTeam "Doppelbauer Brambauer"]
[BlackTeam "Katernberg SF III"]
[WhiteTeamCountry "GER"]
[BlackTeamCountry "GER"]

1. e4 e6 2. d4 d5 3. Nd2 Nf6 4. e5 Nfd7 5. Bd3 c5 6. c3 b6 7. Ne2 a5 8. 0-0 Ba6 9. Bc2 Nc6 10. Nf3 Be7 11. Re1 Rc8 12. Bf4 b5 13. Qd2 Nb6 14. Rad1 b4 15. dxc5 Bxc5 16. Bg5 Qc7 17. Qf4 Nc4 18. Ned4 Nxb2 19. cxb4 Nxd4 20. Nxd4 Bxd4 21. Qxd4 Qxc2 22. Rc1 Qf5 23. Rxc8+ Bxc8 24. Qc5 Qxg5 25. Qxc8+ Qd8 26. Qc6+ Qd7 27. Qa8+ Qd8 28. Qc6+ Kf8 29. bxa5 g6 30. Rb1 Qxa5 31. h3 Nc4 32. Rb7 Kg7 33. Qxe6 Qe1+ 34. Kh2 Qxe5+ 35. Qxe5+ Nxe5 36. f4 Nd3 37. Rd7 Nxf4 38. g3 Ne6 39. Rxd5 Ra8 40. Rd2 Ra3 0-1

[Event "Ruhrgebiet VK1 0708"]
[Site "Germany"]
[Date "2008.04.27"]
[Round "9.6"]
[White "Sawatzki, Dietmar"]
[Black "Riesenbeck, Juergen"]
[Result "0-1"]
[WhiteElo "1801"]
[BlackElo "2114"]
[PlyCount "88"]
[EventDate "2007.09.16"]
[EventType "team"]
[EventRounds "9"]
[EventCountry "GER"]
[SourceTitle "EXT 2009"]
[Source "ChessBase"]
[SourceDate "2008.11.26"]
[SourceVersion "1"]
[SourceVersionDate "2008.11.26"]
[SourceQuality "1"]
[WhiteTeam "Ickern"]
[BlackTeam "Katernberg III"]
[WhiteTeamCountry "GER"]
[BlackTeamCountry "GER"]

1. e4 e6 2. Nf3 d5 3. Nc3 dxe4 4. Nxe4 Nf6 5. Nxf6+ Qxf6 6. d4 h6 7. Be3 Nc6 8. c3 Bd7 9. Qc2 Bd6 10. Bd3 g5 11. h3 Bf4 12. Nd2 Qg7 13. Ne4 b6 14. 0-0-0 f5 15. Nd2 Bd6 16. Nc4 Ne7 17. Qe2 0-0-0 18. Nxd6+ cxd6 19. Ba6+ Kb8 20. f4 Nd5 21. Rhf1 Bc6 22. Rd2 Rhe8 23. Bc4 Nxe3 24. Qxe3 Be4 25. Bd3 d5 26. Kb1 Rg8 27. Ka1 Kb7 28. Bc2 g4 29. h4 g3 30. Bxe4 fxe4 31. f5 Rdf8 32. c4 Rxf5 33. Rxf5 exf5 34. cxd5 Rc8 35. Rd1 Qg4 36. Rc1 f4 37. Qe1 Qe2 38. Qg1 Qxg2 39. Qd1 Qe2 40. Qg1 g2 41. Rxc8 Qf1+ 42. Rc1 Qxg1 43. Rxg1 f3 44. d6 f2 0-1

[Event "Ruhrgebiet VK1 0708"]
[Site "Germany"]
[Date "2008.04.06"]
[Round "8.6"]
[White "Riesenbeck, Juergen"]
[Black "Gerwinat, Dirk"]
[Result "1-0"]
[WhiteElo "2114"]
[BlackElo "1825"]
[PlyCount "100"]
[EventDate "2007.09.16"]
[EventType "team"]
[EventRounds "9"]
[EventCountry "GER"]
[SourceTitle "EXT 2009"]
[Source "ChessBase"]
[SourceDate "2008.11.26"]
[SourceVersion "1"]
[SourceVersionDate "2008.11.26"]
[SourceQuality "1"]
[WhiteTeam "Katernberg III"]
[BlackTeam "Brambauer "]
[WhiteTeamCountry "GER"]
[BlackTeamCountry "GER"]

1. e4 c5 2. Nf3 d6 3. c3 Nf6 4. Qc2 e6 5. Be2 Be7 6. 0-0 0-0 7. d3 a6 8. a4 b6 9. Re1 Bb7 10. Nbd2 Nbd7 11. Nf1 Qc7 12. Ng3 d5 13. Bf1 dxe4 14. dxe4 Ne5 15. Nxe5 Qxe5 16. Qb3 Qc7 17. e5 Nd5 18. Re4 Rfe8 19. Qd1 Nxc3 20. bxc3 Bxe4 21. Nxe4 Qxe5 22. Qf3 Qd5 23. Bf4 f5 24. Nd2 Bf6 25. Bc4 Qxf3 26. Nxf3 Bxc3 27. Rb1 Bb4 28. Ng5 h6 29. Nxe6 b5 30. axb5 axb5 31. Bd5 Kh7 32. Bxa8 Rxa8 33. h4 Kg6 34. Nc7 Ra5 35. Nd5 Ba3 36. Bc7 Ra4 37. Rxb5 Rxh4 38. f4 Kf7 39. Be5 g5 40. Rb6 gxf4 41. Rf6+ Ke8 42. Rxf5 Kd7 43. Bxf4 Bb2 44. g3 Ke6 45. Ne3 Bd4 46. gxh4 Bxe3+ 47. Bxe3 Kxf5 48. Bxc5 Kg4 49. Be7 Kg3 50. Kf1 Kf3 1-0

[Event "Ruhrgebiet VK1 0708"]
[Site "Germany"]
[Date "2007.09.16"]
[Round "1.4"]
[White "Andrzejewski, Frank"]
[Black "Riesenbeck, Juergen"]
[Result "0-1"]
[WhiteElo "2133"]
[BlackElo "2114"]
[PlyCount "70"]
[EventDate "2007.09.16"]
[EventType "team"]
[EventRounds "9"]
[EventCountry "GER"]
[SourceTitle "EXT 2009"]
[Source "ChessBase"]
[SourceDate "2008.11.26"]
[SourceVersion "1"]
[SourceVersionDate "2008.11.26"]
[SourceQuality "1"]
[WhiteTeam "Muelheim Nord III"]
[BlackTeam "Katernberg III"]
[WhiteTeamCountry "GER"]
[BlackTeamCountry "GER"]

1. d4 Nf6 2. Nf3 g6 3. c4 Bg7 4. Nc3 d5 5. cxd5 Nxd5 6. e4 Nxc3 7. bxc3 0-0 8. Be2 c5 9. 0-0 Nc6 10. Bb2 cxd4 11. cxd4 Bg4 12. Rb1 Bxf3 13. Bxf3 Nxd4 14. Bxd4 Bxd4 15. Rxb7 e5 16. Qa4 Rb8 17. Rfb1 Rxb7 18. Rxb7 Qc8 19. Rb1 Qc5 20. Rf1 Rb8 21. Be2 Rb4 22. Qa6 Rb2 23. Qc4 Rc2 24. Qa6 Qb6 25. a4 Qb2 26. Bf3 Rxf2 27. Kh1 Qa2 28. Re1 Rb2 29. Rf1 Rb1 30. Bd1 Rb2 31. Bf3 Rf2 32. Re1 Qd2 33. Rd1 Qc3 34. Qf6 Qd3 35. Rc1 Qf1+ 0-1